[Event "Bariloche Peon Dama op"]
[Site "Bariloche"]
[Date "2024.03.16"]
[Round "4"]
[White "Huenelaf, Enzo"]
[Black "Iovaldi, Sebastian"]
[Result "0-1"]
[WhiteElo "1770"]
[BlackElo "1929"]
[PlyCount "84"]
[EventDate "2024.03.15"]
[EventType "swiss"]
[EventRounds "7"]
[EventCountry "ARG"]
[SourceTitle "CB13_2024"]
[SourceDate "2024.03.27"]
[SourceVersion "1"]
[SourceVersionDate "2024.03.27"]
[SourceQuality "1"]

1. Nf3 d5 2. b3 Bf5 3. Bb2 e6 4. e3 Nd7 5. d4 Bd6 6. Bd3 Bg6 7. Nbd2 Ngf6 8. Qe2 0-0 9. 0-0 c6 10. Rad1 Qc7 11. e4 dxe4 12. Nxe4 Nxe4 13. Bxe4 Nf6 14. Bxg6 hxg6 15. c4 Rfe8 16. c5 Be7 17. Ne5 Nd5 18. Qf3 Bf6 19. Nc4 Qf4 20. Qxf4 Nxf4 21. Nd6 Re7 22. Rfe1 Rd7 23. Nc4 Rad8 24. g3 Nd5 25. Re4 Ne7 26. g4 g5 27. Kf1 Ng6 28. Ke2 Nf4+ 29. Kf3 Nd5 30. a3 Kh7 31. Rd3 Kg6 32. h4 gxh4 33. Kg2 Kh7 34. a4 g5 35. Bc1 Kg7 36. Ne5 Bxe5 37. Rxe5 f6 38. Rxe6 Kf7 39. Re1 Nb4 40. Rc3 Rxd4 41. Rce3 R8d7 42. Re8 Nd3 0-1